000 00518nam a2200181Ia 4500
001 16741
005 20260306170333.0
008 260306t2005||||xx |||||||||||||| ||und||
041 _aESP
082 _a349.75
_bB52
100 _aBianchi, Paolo
_eAUT
245 0 _aCuándo es nulo el matrimonio:
_bguía práctica de causas de nulidad para el aseroramiento jurídico de matrimonios en crisis
260 _c2005
300 _a272 páginas :
_c24 cm.
650 _aGEN
654 _aCDE
942 _cLIB
_dJUS
_fJUS
_2ddc
_n
999 _c16741
_d16741